| 000 | 00668nam a2200241Ia 4500 | ||
|---|---|---|---|
| 008 | 160803s9999 xx 000 0 und d | ||
| 020 | _a9780439656665 | ||
| 100 | _aL'Homme, Erick | ||
| 245 | 4 | _aThe face of the shadow / | |
| 245 | _cErik L'Homme ; translated by Ros Schwartz. | ||
| 260 | _aNew York : | ||
| 260 | _bScholastic Inc. | ||
| 260 | _c2002 | ||
| 300 | _a262 pages ; | ||
| 300 | _c20 cm. | ||
| 440 | _aBook of the stars : | ||
| 440 | _vpt. 03. | ||
| 650 | _aChildren's stories, French -- Translated into English. | ||
| 650 | _aChildren's stories, French. | ||
| 650 | _aChildren's stories. | ||
| 650 | _aFantasy fiction. | ||
| 700 | _a920 | ||
| 999 |
_c298482 _d298482 |
||